Les frontières les plus courtes - Statistiques

Statistiques générales
  • Ce quiz a été pris 202 fois
  • Le résultat moyen est 16 sur 24
Statistiques - réponses
Continent Longueur (km) Pays % Correct
Monaco
93%
Europe 5 France
92%
Amérique 10 France
92%
Europe 3 Italie
92%
Europe 39 Italie
92%
Vatican
92%
Saint-Marin
91%
Liechtenstein
78%
Europe 35 Autriche
74%
Russie
69%
Europe 1 Espagne
65%
Afrique 16 Espagne
65%
Pays-Bas
65%
Maroc
63%
Asie 19 Corée du Nord
56%
Royaume-Uni
56%
Zambie
51%
Afrique 0,15 Botswana
49%
Asie 35 Arménie
46%
Turquie
46%
Asie 9 Azerbaidjan
45%
Iran
45%
Europe 25 Croatie
36%
Montenegro
36%
Aucun quiz correspondant
Distribution des résultats
% des personnes avec chaque résultat
Percentile par nombre de réponses
Votre historique - résultats
Vous n’avez pas pris ce quiz